Cost-effective training : a manager's guide /

Bibliographic Details
Main Author: NEWBY, Tony
Format: Book
Published: London: Kogan Page, 1992.
Subjects:
LEADER 00747cam a2200241 7i4500
001 0000060373
005 20151104090000.0
005 ##20151104182100.0
003 ##MY-KlINT
020 # # |a 074940552X  
039 # 9 |y 201511041821  |z VLOAD 
090 0 0 |a 658.3124 NEW  
100 1 # |a NEWBY, Tony 
245 1 0 |a Cost-effective training :   |b a manager's guide /   |c Tony Newby. 
260 # # |a London:   |b Kogan Page,   |c 1992. 
300 # # |c 112 p.. 
650 # 0 |a Employees--Training of  
996 |a ikwas2002.out 
997 |a 3000102321  |b IKWS  |c MNF  |d BOK 
997 |a 3000110290  |b IKWS  |c MNF  |d BOK 
998 |a 0000007368 
999 |a 3000102321  |b BOOK  |c Main Non-Fiction  |e INTAN Kampus Wilayah Selatan 
999 |a 3000110290  |b BOOK  |c Main Non-Fiction  |e INTAN Kampus Wilayah Selatan